<?xml version="1.0" encoding="UTF-8"?>
<marc:record xmlns:marc="http://www.loc.gov/MARC21/slim">
   <marc:leader>00000nam a2200000 a 4500</marc:leader>
   <marc:datafield ind1="1" ind2=" " tag="100">
      <marc:subfield code="a">Mühe, Anna Maria</marc:subfield>
   </marc:datafield>
   <marc:datafield ind1="1" ind2=" " tag="100">
      <marc:subfield code="a">Bezzel, Sebastian</marc:subfield>
   </marc:datafield>
   <marc:datafield ind1="1" ind2=" " tag="100">
      <marc:subfield code="a">Marischka, Nicole</marc:subfield>
   </marc:datafield>
   <marc:datafield ind1="1" ind2=" " tag="100">
      <marc:subfield code="a">Olderdissen, Hanno</marc:subfield>
   </marc:datafield>
   <marc:datafield ind1="0" ind2="0" tag="245">
      <marc:subfield code="a">Lassie - Eine abenteuerliche Reise [Bildtonträger]</marc:subfield>
   </marc:datafield>
   <marc:datafield ind1="0" ind2="0" tag="245">
      <marc:subfield code="c">Regie: Hanno Olderdissen. Mit Nicole Marischka, Sebastian Bezzel, Anna Maria Mühe...</marc:subfield>
   </marc:datafield>
   <marc:datafield ind1=" " ind2="1" tag="264">
      <marc:subfield code="b">Warner Home Video</marc:subfield>
      <marc:subfield code="c">2023</marc:subfield>
   </marc:datafield>
   <marc:datafield ind1="1" ind2=" " tag="520">
      <marc:subfield code="a">Der zwölfjährige Florian und sein geliebter Collie Lassie sind unzertrennlich und beste Freunde. Sie leben glücklich in einem idyllischen Dorf in Süddeutschland. Als Florians Vater seinen Job verliert, muss die Familie in eine kleinere Wohnung ziehen - keine Hunde erlaubt. Florian ist am Boden zerstört und muss Lassie weggeben. Lassie wird in die Hände von Graf von Sprengel gegeben, der mit ihr und seiner quirligen Enkelin Priscilla (12) an die Nordsee reist. Als der gemeine Hausmeister des Grafen Lassie nicht gut behandelt, nutzt sie die Gelegenheit zur Flucht und begibt sich auf eine abenteuerliche Reise durch Deutschland, zurück nach Bayern, zurück zu Florian, ihrem besten Freund.</marc:subfield>
   </marc:datafield>
   <marc:datafield ind1=" " ind2=" " tag="020">
      <marc:subfield code="a">5051890321701</marc:subfield>
      <marc:subfield code="9">5051890321701</marc:subfield>
   </marc:datafield>
   <marc:datafield ind1=" " ind2=" " tag="500">
      <marc:subfield code="a">Orig.: Deutschland 2020. Sprache: Deutsch (Dolby Digital 5.1). Untertitel: Deutsch (für Hörgeschädigte), Englisch</marc:subfield>
   </marc:datafield>
   <marc:datafield ind1="0" ind2=" " tag="490">
      <marc:subfield code="v">0</marc:subfield>
   </marc:datafield>
   <marc:datafield ind1=" " ind2=" " tag="300">
      <marc:subfield code="a">1 DVD (92 Min.) : farbig</marc:subfield>
   </marc:datafield>
</marc:record>
